Strukturální změny ve vyspělých kapitalistických zemích Rozvoj informačního sektoru ekonomiky

Na minha lista:
Detalhes bibliográficos
Autor principal: Urbanová, Jana
Formato: Livro
Idioma:tcheco
Publicado em: Praha Ústředí vědeckých, technických a ekonomických informací 1988
Tags: Adicionar Tag
Sem tags, seja o primeiro a adicionar uma tag!

MARC

LEADER 00000nam a2200000 4500
001 c035341
005 20251204105000.9
041 0 |a cze 
044 |a CZ 
245 1 0 |a Strukturální změny ve vyspělých kapitalistických zemích  |b Rozvoj informačního sektoru ekonomiky  |c Jana Urbanová 
264 1 |a Praha  |b Ústředí vědeckých, technických a ekonomických informací  |c 1988 
300 |a 43 s. 
100 1 |a Urbanová, Jana